000 00768nam a2200217 i 4500
001 170633
003 ES-MaACL
005 20250808062731.0
008 090325s1950 sp |||| | spa d
245 0 0 _aSuma poética
_b: amplia colección de la poesía religiosa española /
_cpor José María Pemán y Miguel Herrero.
250 _a2º ed.
260 _aMadrid :
_b[La Editorial Católica],
_c1950.
300 _a800 p. ;
_c20 cm.
490 1 _aBiblioteca de autores cristianos ;
_v2
650 7 _aPoesías religiosas españolas
_2embne
_9170412
700 1 _aPemán, José María,
_d1897-1981
_990130
700 1 _aHerrero García, Miguel.
_963315
830 0 0 _aBiblioteca de autores cristianos
_v2
_9178679
852 _aES-MaACL
_jJ-2
999 _c170633
_d170633